000 00754nam a22002177a 4500
005 20160907143112.0
010 _aENG-115952
020 _a9789350356616
_c425.00
035 _aEN-99484
037 _bDBAD/PUB
082 _a000
100 _aSheelwant Singh
245 _aGeneral studies paper I and II topic wise 20 years solved papers :
_cby Sheelwant Singh [and] Sarika
_bfor civil service (preliminary) examination /
250 _aRev. ed.
260 _aGurgaon
_bLexisNexis
_c2016
270 _a14th Floor, Building No.10, Tower-B, DLF Cyber City, Phase-II
_bGurgaon (Haryana)
_e122002
300 _aVarious Pagings
_c27cm(pbk)
490 _aCATAPULT test prep series
700 _aSarika
942 _2ddc
_cEN
_mRAS
_h000
999 _c103081
_d103081